| 000 | 00482cam a2200181 4500 | ||
|---|---|---|---|
| 001 | D7071 | ||
| 008 | 090401t1975 xxu||||| |||| 00| 0 eng d | ||
| 035 | _a(Sirsi) u5048 | ||
| 041 | _aeng | ||
| 050 | _a728 | ||
| 100 | _aMercer, Eric | ||
| 245 | _aEnglish vernacular houses: a study of traditional farmhouses and cottages | ||
| 260 |
_aLondon _bHMSO for Royal Commission on Historical _c1975 |
||
| 300 | _axxxii. 46p. 27cm | ||
| 350 | _a15 | ||
| 942 | _n0 | ||
| 948 | _c04/03/1997 | ||
| 999 |
_c86113 _d86113 |
||